Countries in the 2023 World Baseball Classic - Statistics

General Stats
  • This quiz has been taken 759 times
  • The average score is 15 of 20
Answer Stats
Pool A % Correct
United States
100%
Japan
98%
Mexico
94%
Canada
93%
Dominican Republic
90%
China
89%
Cuba
89%
Korea
86%
Great Britain
84%
Venezuela
84%
Australia
78%
Colombia
78%
Chinese Taipei
71%
Panama
70%
Italy
69%
Puerto Rico
60%
Netherlands
57%
Nicaragua
57%
Israel
44%
Czech Republic
36%
No matching quizzes found
Score Distribution
Percent of People with Each Score
Percentile by Number Answered
Your Score History
You have not taken this quiz